| 000 | 00393nam a2200157Ia 4500 | ||
|---|---|---|---|
| 008 | 230917s9999||||xx |||||||||||||| ||und|| | ||
| 020 | _cRS100 | ||
| 040 |
_e13306 _aMAIN |
||
| 041 | _aEnglish | ||
| 082 | _a301.35 R18F | ||
| 100 | _aRao, D Vasudeva | ||
| 245 | 0 | _aFacts of rural development in India | |
| 260 |
_aNew Delhi _bAshish Publishing House _c1985 |
||
| 300 | _a162 p. | ||
| 942 | _cBK | ||
| 999 |
_c52806 _d52806 |
||